[Event "Madrid 2023-2024ch - Previa B"]
[Site "Madrid ESP"]
[Date "2024.02.24"]
[Round "9.1"]
[White "Gutierrez Diaz, Pablo"]
[Black "Cardena Contreras, Javier"]
[Result "1-0"]
[WhiteElo "1928"]
[BlackElo "1882"]
[PlyCount "117"]
[EventDate "2024.02.01"]
[EventType "swiss"]
[EventRounds "9"]
[EventCountry "ESP"]
[SourceTitle "Ajedrez en Madrid"]
[Source "lmi"]
[SourceDate "2024.02.01"]
[SourceVersion "1"]
[SourceVersionDate "2024.02.25"]
[SourceQuality "1"]

1. e4 c5 2. Nf3 Nf6 3. e5 Nd5 4. Nc3 e6 5. Nxd5 exd5 6. d4 Nc6 7. c3 d6 8. Bd3
dxe5 9. Nxe5 Be7 10. O-O Nxe5 11. dxe5 O-O 12. Bf4 Be6 13. Qh5 g6 14. Qe2 a6
15. a4 c4 16. Bc2 b5 17. Rfd1 Bc5 18. Be4 Qd7 19. Bg5 Qb7 20. Bf3 b4 21. Qxc4
dxc4 22. Bxb7 Ra7 23. Bf3 b3 24. Rd2 Rd7 25. Rxd7 Bxd7 26. Bd5 Be6 27. Bb7 a5
28. Ba6 Rb8 29. Bb5 Bf8 30. Rd1 h6 31. Be3 Kh7 32. h3 Be7 33. Kf1 g5 34. Ke2
Kg6 35. g4 h5 36. Bd7 Rb7 37. Bxe6 fxe6 38. Rd4 Rc7 39. Kf3 h4 40. Ke4 Kf7 41.
f4 gxf4 42. Bxf4 Kg6 43. Be3 Bg5 44. Rd6 Re7 45. Rc6 Bxe3 46. Kxe3 Rd7 47.
Rxe6+ Kg5 48. Rd6 Rf7 49. e6 Re7 50. Ke4 Kf6 51. Kd5 Rg7 52. Kxc4 Ke5 53. Rd7
Rg8 54. e7 Re8 55. g5 Kf5 56. Kd5 Kxg5 57. Ke5 Kg6 58. Ke6 Rc8 59. Rd8 1-0

[Event "Madrid 2023-2024ch - Previa B"]
[Site "Madrid ESP"]
[Date "2024.02.24"]
[Round "9.2"]
[White "Godoy Herrera, Carlos"]
[Black "Lozano Argueso, Cesar"]
[Result "1/2-1/2"]
[WhiteElo "1701"]
[BlackElo "1808"]
[PlyCount "97"]
[EventDate "2024.02.01"]
[EventType "swiss"]
[EventRounds "9"]
[EventCountry "ESP"]
[SourceTitle "Ajedrez en Madrid"]
[Source "lmi"]
[SourceDate "2024.02.01"]
[SourceVersion "1"]
[SourceVersionDate "2024.02.25"]
[SourceQuality "1"]

1. d4 Nf6 2. Bf4 g6 3. Nc3 d5 4. e3 c6 5. Bd3 Bg7 6. Nf3 Nbd7 7. O-O O-O 8. h3
Re8 9. Qd2 Nh5 10. Bh2 e5 11. dxe5 Nxe5 12. Be2 Qe7 13. Rab1 Bd7 14. Nxe5 Bxe5
15. Bxh5 Bxh2+ 16. Kxh2 Qe5+ 17. Kg1 Qxh5 18. Qe2 Qh4 19. Rbd1 Re7 20. Qf3 Bf5
21. Rd4 Qh6 22. e4 dxe4 23. Nxe4 Bxe4 24. Rxe4 Qg5 25. Rfe1 Rae8 26. Rxe7 Rxe7
27. Rxe7 Qxe7 28. Qc3 Qe4 29. Qd2 Qe5 30. c4 Kg7 31. b3 Qa1+ 32. Kh2 Qe5+ 33.
Kg1 Qe4 34. Qc3+ Kg8 35. Qd2 Qe5 36. Qd8+ Kg7 37. Qd2 a5 38. Kf1 h6 39. Kg1
Qa1+ 40. Kh2 Qe5+ 41. Kg1 a4 42. bxa4 Qa1+ 43. Kh2 Qe5+ 44. Kg1 Qe6 45. Qc3+
Qf6 46. Qb3 Qa1+ 47. Kh2 Qe5+ 48. Kg1 Qa1+ 49. Kh2 1/2-1/2

[Event "Madrid 2023-2024ch - Previa B"]
[Site "Madrid ESP"]
[Date "2024.02.24"]
[Round "9.4"]
[White "Garcia Tanjala, Marko"]
[Black "Marin Lopez, Juan Jose"]
[Result "0-1"]
[WhiteElo "1527"]
[BlackElo "1775"]
[PlyCount "108"]
[EventDate "2024.02.01"]
[EventType "swiss"]
[EventRounds "9"]
[EventCountry "ESP"]
[SourceTitle "Ajedrez en Madrid"]
[Source "lmi"]
[SourceDate "2024.02.01"]
[SourceVersion "1"]
[SourceVersionDate "2024.02.25"]
[SourceQuality "1"]

1. e4 Nf6 2. e5 Nd5 3. d4 d6 4. exd6 cxd6 5. c4 Nb6 6. Nc3 g6 7. b3 Bg7 8. Bb2
O-O 9. Be2 Nc6 10. Nf3 Bg4 11. d5 Bxf3 12. Bxf3 Nd4 13. O-O Nxf3+ 14. Qxf3 Nd7
15. Rab1 Ne5 16. Qe2 Re8 17. f4 Nd7 18. Ne4 Nf6 19. Rfe1 Qd7 20. Nxf6+ exf6 21.
Qd3 b6 22. Kf2 Qg4 23. Re4 g5 24. Rxe8+ Rxe8 25. fxg5 fxg5 26. Bxg7 Kxg7 27. g3
f5 28. Re1 Rxe1 29. Kxe1 Kf6 30. Kf2 h5 31. Qc3+ Kg6 32. Qe3 Qe4 33. Qxe4 fxe4
34. Ke3 Kf5 35. h3 Ke5 36. g4 h4 37. a3 a6 38. Ke2 Kd4 39. Kd2 a5 40. a4 e3+
41. Ke2 Kc3 42. Kxe3 Kxb3 43. Ke4 Kxa4 44. Kf5 Kb4 45. Kxg5 a4 46. Kxh4 a3 47.
g5 a2 48. g6 a1=Q 49. Kg5 Qg1+ 50. Kh5 Qd1+ 51. Kg5 Qd2+ 52. Kh5 Qe2+ 53. Kh4
Qf2+ 54. Kh5 Qf5+ 0-1

[Event "Madrid 2023-2024ch - Previa B"]
[Site "Madrid ESP"]
[Date "2024.02.24"]
[Round "9.5"]
[White "Anton Ortiz, Carlos"]
[Black "Palomo Monserrat, Lorenzo"]
[Result "1/2-1/2"]
[WhiteElo "1615"]
[BlackElo "1867"]
[PlyCount "34"]
[EventDate "2024.02.01"]
[EventType "swiss"]
[EventRounds "9"]
[EventCountry "ESP"]
[SourceTitle "Ajedrez en Madrid"]
[Source "lmi"]
[SourceDate "2024.02.01"]
[SourceVersion "1"]
[SourceVersionDate "2024.02.25"]
[SourceQuality "1"]

1. d4 d5 2. Nf3 Nf6 3. c4 dxc4 4. Nc3 a6 5. e4 b5 6. Bf4 Bb7 7. Qc2 e6 8. a3 c5
9. Rd1 cxd4 10. Nxd4 Qb6 11. Be3 Bc5 12. Be2 O-O 13. Bf3 Nbd7 14. O-O Ne5 15.
Qe2 Rfd8 16. Nc2 a5 17. Bg5 Bc6 1/2-1/2

[Event "Madrid 2023-2024ch - Previa B"]
[Site "Madrid ESP"]
[Date "2024.02.24"]
[Round "9.6"]
[White "Mansor Habash, Zouheir"]
[Black "Lorenzo Martin, Hector"]
[Result "1-0"]
[WhiteElo "1731"]
[BlackElo "1498"]
[PlyCount "97"]
[EventDate "2024.02.01"]
[EventType "swiss"]
[EventRounds "9"]
[EventCountry "ESP"]
[SourceTitle "Ajedrez en Madrid"]
[Source "lmi"]
[SourceDate "2024.02.01"]
[SourceVersion "1"]
[SourceVersionDate "2024.02.25"]
[SourceQuality "1"]

1. e4 e6 2. d4 d5 3. e5 c5 4. c3 Qb6 5. Nf3 Nc6 6. Bd3 cxd4 7. O-O Bd7 8. Re1
Nge7 9. Nbd2 dxc3 10. bxc3 Ng6 11. Nb3 Be7 12. Rb1 Qc7 13. Qe2 O-O 14. h4 f6
15. Bxg6 hxg6 16. Bf4 fxe5 17. Bxe5 Nxe5 18. Qxe5 Qxe5 19. Nxe5 Be8 20. g3 b6
21. Nd4 Bc5 22. Kg2 Bxd4 23. cxd4 Bf7 24. Rb3 Rac8 25. Re2 Rc7 26. Rbe3 Rfc8
27. Nxf7 Kxf7 28. Rxe6 Kf8 29. Rxg6 Rc2 30. Rge6 R8c4 31. Re8+ Kf7 32. R8e7+
Kf8 33. Re8+ Kf7 34. R2e7+ Kf6 35. Re6+ Kf7 36. R8e7+ Kf8 37. Rxa7 Rxd4 38.
Rxb6 Kg8 39. Rg6 Rdd2 40. Rgxg7+ Kf8 41. Raf7+ Ke8 42. h5 Rd1 43. Ra7 Kf8 44.
Rgb7 Rc8 45. h6 Kg8 46. Rg7+ Kh8 47. Rh7+ Kg8 48. Rag7+ Kf8 49. Rh8# 1-0

[Event "Madrid 2023-2024ch - Previa B"]
[Site "Madrid ESP"]
[Date "2024.02.24"]
[Round "9.7"]
[White "San Vicente Crespo, Pablo"]
[Black "Senador-Gomez Jaen, Julio"]
[Result "1-0"]
[WhiteElo "1676"]
[BlackElo "1408"]
[PlyCount "105"]
[EventDate "2024.02.01"]
[EventType "swiss"]
[EventRounds "9"]
[EventCountry "ESP"]
[SourceTitle "Ajedrez en Madrid"]
[Source "lmi"]
[SourceDate "2024.02.01"]
[SourceVersion "1"]
[SourceVersionDate "2024.02.25"]
[SourceQuality "1"]

1. e4 c6 2. d4 d5 3. exd5 cxd5 4. Bd3 Nf6 5. c3 Bg4 6. Qb3 Qd7 7. Bf4 Nc6 8.
Nd2 e6 9. Ngf3 Bd6 10. Bxd6 Qxd6 11. O-O O-O 12. Rae1 Bxf3 13. Nxf3 Qc7 14. Qc2
Rac8 15. Qe2 Ne7 16. Ne5 Ng6 17. f4 Rfe8 18. Qf2 a6 19. f5 exf5 20. Bxf5 Rcd8
21. Ng4 Nxg4 22. Bxg4 Nh8 23. Rxe8+ Rxe8 24. Re1 Qc6 25. Bf3 Re6 26. Bg4 Rf6
27. Qe3 Ng6 28. Qe8+ Qxe8 29. Rxe8+ Nf8 30. Rd8 Rb6 31. b3 Rc6 32. Rc8 Rd6 33.
Bf3 b6 34. Kf2 f5 35. Ke3 g5 36. g3 Kg7 37. c4 dxc4 38. bxc4 Ne6 39. Bd5 b5 40.
Kd3 Kf6 41. Bxe6 Rxe6 42. c5 f4 43. gxf4 gxf4 44. Rf8+ Kg5 45. d5 Re3+ 46. Kd4
Re1 47. c6 Rd1+ 48. Ke5 Re1+ 49. Kd6 Rc1 50. c7 f3 51. Rxf3 Kg6 52. Kd7 Rc5 53.
d6 1-0

[Event "Madrid 2023-2024ch - Previa B"]
[Site "Madrid ESP"]
[Date "2024.02.24"]
[Round "9.9"]
[White "Bocancea, Cristian Andrei"]
[Black "De Dompablo Fantova, Juan"]
[Result "1-0"]
[WhiteElo "1549"]
[BlackElo "1564"]
[PlyCount "53"]
[EventDate "2024.02.01"]
[EventType "swiss"]
[EventRounds "9"]
[EventCountry "ESP"]
[SourceTitle "Ajedrez en Madrid"]
[Source "lmi"]
[SourceDate "2024.02.01"]
[SourceVersion "1"]
[SourceVersionDate "2024.02.25"]
[SourceQuality "1"]

1. d4 d5 2. c4 dxc4 3. e4 Nf6 4. e5 Nd5 5. Bxc4 Nb6 6. Bd3 Nc6 7. Be3 Be6 8.
Nc3 Qd7 9. Nf3 Bg4 10. Be4 e6 11. O-O O-O-O 12. a4 a5 13. Nb5 Kb8 14. Rc1 Nd5
15. Qb3 Bb4 16. Qc4 h5 17. Ne1 Bxe1 18. Rfxe1 Rc8 19. Bd2 f6 20. h3 Bf5 21.
Bxf5 exf5 22. e6 Qd8 23. Qc5 Nde7 24. b4 axb4 25. a5 Qd5 26. Bxb4 Nxb4 27. Qa7#
1-0

[Event "Madrid 2023-2024ch - Previa B"]
[Site "Madrid ESP"]
[Date "2024.02.24"]
[Round "9.10"]
[White "Alonso Anton, Carlos"]
[Black "Quiroga Andres, Carlos"]
[Result "1/2-1/2"]
[WhiteElo "1776"]
[BlackElo "1373"]
[PlyCount "105"]
[EventDate "2024.02.01"]
[EventType "swiss"]
[EventRounds "9"]
[EventCountry "ESP"]
[SourceTitle "Ajedrez en Madrid"]
[Source "lmi"]
[SourceDate "2024.02.01"]
[SourceVersion "1"]
[SourceVersionDate "2024.02.25"]
[SourceQuality "1"]

1. d4 f5 2. Nf3 Nf6 3. g3 b6 4. Bg2 Bb7 5. O-O e6 6. Bf4 Be7 7. c4 O-O 8. Nc3
h6 9. Ne5 Bxg2 10. Kxg2 Kh7 11. a3 d6 12. Nf3 Nc6 13. h4 Nh5 14. Bd2 e5 15.
dxe5 dxe5 16. Nd5 e4 17. Nh2 Bd6 18. e3 Nf6 19. Nxf6+ Qxf6 20. Bc3 Be5 21. Bxe5
Nxe5 22. Qc2 a5 23. f3 Nd3 24. b3 Qb2 25. Qxb2 Nxb2 26. fxe4 fxe4 27. Rxf8 Rxf8
28. Ra2 Nd3 29. Rd2 Nc5 30. b4 axb4 31. axb4 Nd3 32. b5 Ra8 33. Kh3 Ra4 34. Rc2
Ne5 35. c5 Rc4 36. Rxc4 Nxc4 37. cxb6 cxb6 38. Ng4 Kg6 39. Nf2 Kf5 40. g4+ Ke5
41. Nd1 Kd6 42. g5 h5 43. Kg3 Kc5 44. Kf4 Kxb5 45. Kxe4 g6 46. Kd5 Nd2 47. e4
Nf3 48. e5 Nxh4 49. e6 Nf5 50. Ke5 Kc6 51. Kf6 Kd6 52. Kxg6 Kxe6 53. Kxh5
1/2-1/2

[Event "Madrid 2023-2024ch - Previa B"]
[Site "Madrid ESP"]
[Date "2024.02.24"]
[Round "9.11"]
[White "Gonzalez Jimenez, Marcos Valerio"]
[Black "Baeza Escudero, Javier"]
[Result "1-0"]
[WhiteElo "1462"]
[BlackElo "1802"]
[PlyCount "83"]
[EventDate "2024.02.01"]
[EventType "swiss"]
[EventRounds "9"]
[EventCountry "ESP"]
[SourceTitle "Ajedrez en Madrid"]
[Source "lmi"]
[SourceDate "2024.02.01"]
[SourceVersion "1"]
[SourceVersionDate "2024.02.25"]
[SourceQuality "1"]

1. e4 e5 2. Nf3 Nc6 3. Bc4 Bc5 4. c3 Nf6 5. d3 d6 6. Bb3 Bb6 7. Nbd2 O-O 8. O-O
Na5 9. Bc2 c5 10. h3 h6 11. Re1 Be6 12. Nf1 Nc6 13. Ng3 Nh7 14. Bb3 Qd7 15. Be3
d5 16. Nh4 d4 17. cxd4 cxd4 18. Bd2 Ba5 19. Nhf5 Bxd2 20. Qxd2 Ne7 21. Nxe7+
Qxe7 22. Rec1 a5 23. Rc2 a4 24. Bxe6 fxe6 25. Rac1 Rfd8 26. Rc4 Nf8 27. a3 Ng6
28. Ne2 Qh4 29. Qc2 Rf8 30. Rf1 Qg5 31. Rc7 Nh4 32. Ng3 h5 33. Qc1 Qg6 34. Qd1
Nf3+ 35. Kh1 h4 36. gxf3 hxg3 37. Rg1 Qh5 38. Rxg3 g6 39. Kg2 Rf7 40. Qc2 Qh7
41. Rc8+ Kg7 42. Rxa8 1-0

[Event "Madrid 2023-2024ch - Previa B"]
[Site "Madrid ESP"]
[Date "2024.02.24"]
[Round "9.12"]
[White "De Fuenmayor Fernandez de la , Carlos Pablo"]
[Black "Liern Matesanz, Jairo"]
[Result "0-1"]
[WhiteElo "1532"]
[BlackElo "1521"]
[PlyCount "80"]
[EventDate "2024.02.01"]
[EventType "swiss"]
[EventRounds "9"]
[EventCountry "ESP"]
[SourceTitle "Ajedrez en Madrid"]
[Source "lmi"]
[SourceDate "2024.02.01"]
[SourceVersion "1"]
[SourceVersionDate "2024.02.25"]
[SourceQuality "1"]

1. c4 e6 2. Nc3 d5 3. g3 Nf6 4. Bg2 c5 5. cxd5 exd5 6. Qb3 c4 7. Qc2 Be6 8. e3
Qd7 9. d4 Nc6 10. Nge2 Nb4 11. Qd2 Nd3+ 12. Kf1 Bb4 13. b3 Bh3 14. bxc4 Bxg2+
15. Kxg2 dxc4 16. f3 O-O 17. Bb2 g5 18. Nc1 Nxc1 19. Raxc1 g4 20. Qf2 Rfe8 21.
Rhe1 Bxc3 22. Rxc3 Qb5 23. e4 gxf3+ 24. Kxf3 Qh5+ 25. Kg2 Nxe4 26. Rxe4 Rxe4
27. Re3 Rae8 28. Bc1 Qd5 29. Kg1 Qxd4 30. Rxe4 Qxf2+ 31. Kxf2 Rxe4 32. Kf3 f5
33. Bf4 Kf7 34. g4 Rxf4+ 35. Kxf4 fxg4 36. a4 a6 37. Ke4 b5 38. Kd4 h5 39. Kc3
h4 40. Kb4 g3 0-1

[Event "Madrid 2023-2024ch - Previa B"]
[Site "Madrid ESP"]
[Date "2024.02.24"]
[Round "9.13"]
[White "Tendero Perez, Daniel"]
[Black "Hurtado Garrido, Reyes"]
[Result "0-1"]
[WhiteElo "1603"]
[BlackElo "1697"]
[PlyCount "76"]
[EventDate "2024.02.01"]
[EventType "swiss"]
[EventRounds "9"]
[EventCountry "ESP"]
[SourceTitle "Ajedrez en Madrid"]
[Source "lmi"]
[SourceDate "2024.02.01"]
[SourceVersion "1"]
[SourceVersionDate "2024.02.25"]
[SourceQuality "1"]

1. e4 c5 2. c3 d5 3. e5 e6 4. d4 Qb6 5. f4 Nc6 6. Nf3 cxd4 7. cxd4 Bb4+ 8. Nc3
Nh6 9. a3 Be7 10. Bb5 Bd7 11. Qd3 a6 12. Ba4 Nf5 13. Ke2 Ncxd4+ 14. Kf1 Bxa4
15. Nxa4 Qb5 16. Qxb5+ axb5 17. Nxd4 Nxd4 18. Nc3 b4 19. Ne2 Nb3 20. Rb1 Nxc1
21. Rxc1 bxa3 22. bxa3 Kd7 23. g3 Bxa3 24. Rb1 Rhb8 25. Kg2 Bc5 26. Kh3 b6 27.
Nc3 Ra5 28. Rhd1 Kc6 29. f5 d4 30. Ne4 exf5 31. Ng5 Rf8 32. Nxh7 Rh8 33. Kg2
Rxh7 34. Rdc1 Kd5 35. Re1 Ra2+ 36. Kf3 Rhxh2 37. Kf4 Raf2+ 38. Kg5 Be7# 0-1

[Event "Madrid 2023-2024ch - Previa B"]
[Site "Madrid ESP"]
[Date "2024.02.24"]
[Round "9.14"]
[White "Caballero Sanchez, Francisco"]
[Black "Huang, Liangzhi"]
[Result "0-1"]
[WhiteElo "1313"]
[BlackElo "1569"]
[PlyCount "81"]
[EventDate "2024.02.01"]
[EventType "swiss"]
[EventRounds "9"]
[EventCountry "ESP"]
[SourceTitle "Ajedrez en Madrid"]
[Source "lmi"]
[SourceDate "2024.02.01"]
[SourceVersion "1"]
[SourceVersionDate "2024.02.25"]
[SourceQuality "1"]

1. e4 c5 2. Nf3 e6 3. d4 cxd4 4. Nxd4 Bc5 5. Nb3 Bb6 6. c4 Ne7 7. Nc3 a6 8. Bf4
Bc7 9. Bg5 O-O 10. Be2 Nbc6 11. O-O f6 12. Be3 b6 13. Qd2 f5 14. f4 fxe4 15.
Nxe4 Nf5 16. Rf3 Bb7 17. Rf2 Nxe3 18. Qxe3 Nb4 19. Bd1 b5 20. c5 Nd5 21. Qd4
Bxf4 22. Re2 Qc7 23. g3 Be5 24. Qd2 Nf6 25. Nxf6+ Rxf6 26. Qe3 d6 27. cxd6 Bxd6
28. Rc1 Qf7 29. Rf2 Rf8 30. Rcc2 Be4 31. Rxf6 Qxf6 32. Rf2 Qxf2+ 33. Qxf2 Rxf2
34. Kxf2 Be5 35. Nc5 Bd4+ 36. Ke2 Bxc5 37. Bb3 Bd5 38. Bxd5 exd5 39. Kf3 Kf7
40. Kf4 Kf6 41. h3 0-1

[Event "Madrid 2023-2024ch - Previa B"]
[Site "Madrid ESP"]
[Date "2024.02.24"]
[Round "9.15"]
[White "Perez Pascual, Arturo"]
[Black "Becerra Baigorri, Jose"]
[Result "1-0"]
[WhiteElo "1523"]
[BlackElo "1447"]
[PlyCount "47"]
[EventDate "2024.02.01"]
[EventType "swiss"]
[EventRounds "9"]
[EventCountry "ESP"]
[SourceTitle "Ajedrez en Madrid"]
[Source "lmi"]
[SourceDate "2024.02.01"]
[SourceVersion "1"]
[SourceVersionDate "2024.02.25"]
[SourceQuality "1"]

1. e4 e5 2. Nf3 Nc6 3. Bb5 a6 4. Ba4 Nf6 5. d4 Nxe4 6. Qe2 d5 7. Nxe5 b5 8.
Nxc6 Qf6 9. Bb3 Qxc6 10. f3 Be6 11. fxe4 dxe4 12. Nd2 f5 13. O-O O-O-O 14.
Bxe6+ Qxe6 15. Nb3 Qd5 16. a4 h6 17. axb5 axb5 18. Ra5 c6 19. Bd2 Bd6 20. Qf2
Rhf8 21. Bf4 g5 22. Bxd6 Qxd6 23. Rfa1 f4 24. Nc5 1-0

[Event "Madrid 2023-2024ch - Previa B"]
[Site "Madrid ESP"]
[Date "2024.02.24"]
[Round "9.16"]
[White "Blanco Barrios, Aitana"]
[Black "Quiros Florea, Rafael-Santiago"]
[Result "0-1"]
[WhiteElo "1519"]
[BlackElo "1266"]
[PlyCount "64"]
[EventDate "2024.02.01"]
[EventType "swiss"]
[EventRounds "9"]
[EventCountry "ESP"]
[SourceTitle "Ajedrez en Madrid"]
[Source "lmi"]
[SourceDate "2024.02.01"]
[SourceVersion "1"]
[SourceVersionDate "2024.02.25"]
[SourceQuality "1"]

1. e4 c5 2. Nf3 e6 3. d4 cxd4 4. Nxd4 a6 5. Bd3 Qc7 6. O-O b5 7. Be3 Bb7 8. f4
Nf6 9. Nd2 Be7 10. e5 Nd5 11. Qe2 Nc6 12. N2f3 Qb6 13. c3 h6 14. Kh1 Nxe3 15.
Qxe3 Nxd4 16. cxd4 Rc8 17. Rac1 O-O 18. Rc2 Rxc2 19. Bxc2 Rc8 20. Qd3 g6 21. h4
Bxf3 22. Rxf3 Rc4 23. b3 Rxd4 24. Qe3 Bc5 25. Kh2 h5 26. Qc3 Qc6 27. Qa5 Be7
28. Rc3 Qd5 29. Qc7 Rd2 30. Rg3 Bxh4 31. Qc8+ Kg7 32. Rf3 Qxf3 0-1

[Event "Madrid 2023-2024ch - Previa B"]
[Site "Madrid ESP"]
[Date "2024.02.24"]
[Round "9.18"]
[White "Pareja Cerrato, Antonio"]
[Black "Veiga Macias, Rodrigo"]
[Result "1/2-1/2"]
[WhiteElo "1464"]
[BlackElo "1339"]
[PlyCount "103"]
[EventDate "2024.02.01"]
[EventType "swiss"]
[EventRounds "9"]
[EventCountry "ESP"]
[SourceTitle "Ajedrez en Madrid"]
[Source "lmi"]
[SourceDate "2024.02.01"]
[SourceVersion "1"]
[SourceVersionDate "2024.02.25"]
[SourceQuality "1"]

1. e4 c5 2. Nf3 d6 3. d4 cxd4 4. Nxd4 Nf6 5. Nc3 a6 6. Bd3 e5 7. Nb3 Be7 8. h3
Be6 9. Be3 Nbd7 10. a4 O-O 11. O-O Rc8 12. Rc1 Bc4 13. Nd5 Nxd5 14. exd5 Nf6
15. Bxc4 Rxc4 16. a5 Qd7 17. Bb6 Qb5 18. Nd2 Rcc8 19. b3 Qxd5 20. c4 Qc6 21.
Qe2 Nd7 22. Be3 f5 23. f3 f4 24. Bf2 h5 25. Qd3 h4 26. Ne4 Nf6 27. Bxh4 Qd7 28.
Nxf6+ Bxf6 29. Qd5+ Kh8 30. Bf2 Qc6 31. Qd3 Qc7 32. b4 Qe7 33. c5 Rcd8 34. c6
d5 35. c7 Rc8 36. Qxd5 Rxc7 37. Bc5 Qf7 38. Qe4 Rfc8 39. Rcd1 Rd7 40. Qf5 Rcd8
41. Qc2 Rxd1 42. Rxd1 Rxd1+ 43. Qxd1 Bh4 44. Bf2 Bxf2+ 45. Kxf2 Qe7 46. Qd2 g6
47. Ke2 Kg7 48. Qc3 Kf6 49. Kd3 Qd7+ 50. Ke4 Qf5+ 51. Kd5 Qe6+ 52. Ke4 1/2-1/2

[Event "Madrid 2023-2024ch - Previa B"]
[Site "Madrid ESP"]
[Date "2024.02.24"]
[Round "9.21"]
[White "Moreno Lopez, Maria Isabel"]
[Black "Martin Hernandez, Vicente"]
[Result "0-1"]
[WhiteElo "1387"]
[BlackElo "1748"]
[PlyCount "48"]
[EventDate "2024.02.01"]
[EventType "swiss"]
[EventRounds "9"]
[EventCountry "ESP"]
[SourceTitle "Ajedrez en Madrid"]
[Source "lmi"]
[SourceDate "2024.02.01"]
[SourceVersion "1"]
[SourceVersionDate "2024.02.25"]
[SourceQuality "1"]

1. b3 d5 2. Bb2 c5 3. Nf3 Nc6 4. e3 Nf6 5. Bb5 Bd7 6. O-O e6 7. h3 Bd6 8. a3
O-O 9. Qe1 Qc7 10. Bxf6 gxf6 11. e4 d4 12. Bd3 Kh8 13. e5 Nxe5 14. Nxe5 Bxe5
15. Qe4 f5 16. Qh4 Rg8 17. f4 Bd6 18. Be2 Rg7 19. d3 Bc6 20. Bf3 Bxf4 21. Bxc6
Qxc6 22. Rf3 Qxf3 23. Qf2 Be3 24. Kh1 Qxf2 0-1

[Event "Madrid 2023-2024ch - Previa B"]
[Site "Madrid ESP"]
[Date "2024.02.24"]
[Round "9.23"]
[White "Moreno Sabroso, Ruben"]
[Black "Neill Rodriguez, John"]
[Result "1-0"]
[WhiteElo "1417"]
[BlackElo "1180"]
[PlyCount "117"]
[EventDate "2024.02.01"]
[EventType "swiss"]
[EventRounds "9"]
[EventCountry "ESP"]
[SourceTitle "Ajedrez en Madrid"]
[Source "lmi"]
[SourceDate "2024.02.01"]
[SourceVersion "1"]
[SourceVersionDate "2024.02.25"]
[SourceQuality "1"]

1. c4 e5 2. g3 Nf6 3. Bg2 Nc6 4. Nc3 Bc5 5. e3 d6 6. Nge2 O-O 7. O-O Re8 8. d4
exd4 9. exd4 Bb6 10. h3 h6 11. a3 a5 12. b3 Bd7 13. Rb1 Qc8 14. Kh2 Bf5 15. Rb2
Qd7 16. Be3 Rab8 17. Nf4 Nd8 18. Nfd5 Nxd5 19. Nxd5 Ba7 20. Qd2 c6 21. Nf4 b6
22. d5 c5 23. Nh5 Bg6 24. Nf4 Kh7 25. Qc3 Rb7 26. Re1 Qf5 27. Bf1 Qe5 28. Qd2
Rbe7 29. Nxg6 fxg6 30. Qc1 Qf6 31. Rbe2 Qf8 32. Bf4 Rxe2 33. Rxe2 Rxe2 34. Bxe2
g5 35. Be3 Nf7 36. Qc2+ Kh8 37. Qf5 Kg8 38. Bd3 Ne5 39. Qh7+ Kf7 40. Qf5+ Kg8
41. Qe6+ Kh8 42. Bf5 Bb8 43. Kg2 Bc7 44. f4 gxf4 45. Bxf4 Nf7 46. Qg6 Qg8 47.
Be6 Qe8 48. Qxf7 Qxf7 49. Bxf7 g5 50. Bd2 Kg7 51. Bh5 Kf6 52. Kf3 Bd8 53. Ke4
Kg7 54. Kf5 Bf6 55. Ke6 Be5 56. Be1 Kf8 57. h4 gxh4 58. gxh4 Bf4 59. Kf5 1-0

[Event "Madrid 2023-2024ch - Previa B"]
[Site "Madrid ESP"]
[Date "2024.02.24"]
[Round "9.27"]
[White "Menendez Domens, Juan Manuel"]
[Black "Bonte Blazquez, Antonio"]
[Result "0-1"]
[WhiteElo "1443"]
[BlackElo "1237"]
[PlyCount "100"]
[EventDate "2024.02.01"]
[EventType "swiss"]
[EventRounds "9"]
[EventCountry "ESP"]
[SourceTitle "Ajedrez en Madrid"]
[Source "lmi"]
[SourceDate "2024.02.01"]
[SourceVersion "1"]
[SourceVersionDate "2024.02.25"]
[SourceQuality "1"]

1. d4 Nf6 2. Nf3 e6 3. e3 d5 4. Bd3 b6 5. O-O Ba6 6. Re1 Bd6 7. Qe2 Bxd3 8.
Qxd3 O-O 9. Nbd2 Nbd7 10. e4 dxe4 11. Nxe4 Nxe4 12. Rxe4 Nf6 13. Bg5 h6 14. Bh4
g5 15. Rae1 Nxe4 16. Rxe4 Qf6 17. Bg3 Bxg3 18. fxg3 Rad8 19. h4 Rd5 20. Ne5 c5
21. c3 cxd4 22. cxd4 Re8 23. hxg5 hxg5 24. Nf3 Qg6 25. Qe2 Rd6 26. Rg4 f6 27.
Qa6 Qb1+ 28. Kh2 Qh7+ 29. Kg1 Rc6 30. Qa4 Rc1+ 31. Kf2 Qc2+ 32. Qxc2 Rxc2+ 33.
Ke3 Rxb2 34. Nd2 Rxa2 35. Re4 Ra3+ 36. Kf2 Ra2 37. Ke3 e5 38. Nf3 exd4+ 39.
Nxd4 Re5 40. Rxe5 fxe5 41. Nc6 Rxg2 42. Kf3 Ra2 43. Nxe5 b5 44. Nc6 a5 45. Kg4
b4 46. Kxg5 b3 47. Ne7+ Kf7 48. Nd5 Rc2 49. Ne3 b2 50. Nxc2 b1=Q 0-1